<?xml version="1.0" encoding="UTF-8"?>
<collection xmlns="http://www.loc.gov/MARC21/slim">
 <record>
  <leader>04241cam a2200769   4500</leader>
  <controlfield tag="001">791581519</controlfield>
  <controlfield tag="003">DE-627</controlfield>
  <controlfield tag="005">20240926202312.0</controlfield>
  <controlfield tag="007">tu</controlfield>
  <controlfield tag="008">140731s2014    gw ||||| c    00| ||ger c</controlfield>
  <datafield tag="015" ind1=" " ind2=" ">
   <subfield code="a">15,A06</subfield>
   <subfield code="2">dnb</subfield>
  </datafield>
  <datafield tag="016" ind1="7" ind2=" ">
   <subfield code="a">1054060258</subfield>
   <subfield code="2">DE-101</subfield>
  </datafield>
  <datafield tag="020" ind1=" " ind2=" ">
   <subfield code="a">3777423343</subfield>
   <subfield code="c"> : kart. : EUR 21.90 (DE)</subfield>
   <subfield code="9">3-7774-2334-3</subfield>
  </datafield>
  <datafield tag="020" ind1=" " ind2=" ">
   <subfield code="a">9783777423340</subfield>
   <subfield code="c">Pb. : ca. EUR 21.90 (DE), ca. EUR 22.60 (AT), ca. sfr 30.70 (freier Pr.)</subfield>
   <subfield code="9">978-3-7774-2334-0</subfield>
  </datafield>
  <datafield tag="024" ind1="3" ind2=" ">
   <subfield code="a">9783777423340</subfield>
  </datafield>
  <datafield tag="035" ind1=" " ind2=" ">
   <subfield code="a">(DE-627)791581519</subfield>
  </datafield>
  <datafield tag="035" ind1=" " ind2=" ">
   <subfield code="a">(DE-576)42176029X</subfield>
  </datafield>
  <datafield tag="035" ind1=" " ind2=" ">
   <subfield code="a">(DE-599)DNB1054060258</subfield>
  </datafield>
  <datafield tag="035" ind1=" " ind2=" ">
   <subfield code="a">(OCoLC)885036474</subfield>
  </datafield>
  <datafield tag="035" ind1=" " ind2=" ">
   <subfield code="a">(OCoLC)885036474</subfield>
  </datafield>
  <datafield tag="040" ind1=" " ind2=" ">
   <subfield code="a">DE-627</subfield>
   <subfield code="b">ger</subfield>
   <subfield code="c">DE-627</subfield>
   <subfield code="e">rakwb</subfield>
  </datafield>
  <datafield tag="041" ind1=" " ind2=" ">
   <subfield code="a">ger</subfield>
  </datafield>
  <datafield tag="044" ind1=" " ind2=" ">
   <subfield code="c">XA-DE-BY</subfield>
  </datafield>
  <datafield tag="082" ind1="0" ind2=" ">
   <subfield code="a">759.4</subfield>
   <subfield code="2">22/ger</subfield>
  </datafield>
  <datafield tag="082" ind1="0" ind2="4">
   <subfield code="a">750</subfield>
   <subfield code="q">DNB</subfield>
  </datafield>
  <datafield tag="082" ind1="0" ind2="4">
   <subfield code="a">700</subfield>
  </datafield>
  <datafield tag="084" ind1=" " ind2=" ">
   <subfield code="a">9,10</subfield>
   <subfield code="2">ssgn</subfield>
  </datafield>
  <datafield tag="084" ind1=" " ind2=" ">
   <subfield code="a">LI 23820</subfield>
   <subfield code="2">rvk</subfield>
   <subfield code="0">(DE-625)rvk/95800:</subfield>
  </datafield>
  <datafield tag="084" ind1=" " ind2=" ">
   <subfield code="a">LI 24750</subfield>
   <subfield code="2">rvk</subfield>
   <subfield code="0">(DE-625)rvk/95838:</subfield>
  </datafield>
  <datafield tag="084" ind1=" " ind2=" ">
   <subfield code="a">20.31</subfield>
   <subfield code="2">bkl</subfield>
  </datafield>
  <datafield tag="084" ind1=" " ind2=" ">
   <subfield code="a">21.02</subfield>
   <subfield code="2">bkl</subfield>
  </datafield>
  <datafield tag="245" ind1="1" ind2="0">
   <subfield code="a">Courbet &gt; Daubigny</subfield>
   <subfield code="b">das Rätsel der &quot;Schleuse im Tal von Optevoz&quot; ; [anlässlich der Ausstellung Courbet &gt; Daubigny. Das Rätsel der &quot;Schleuse im Tal von Optevoz&quot;, Neue Pinakothek, München, 27. November 2014 - 9. März 2015]</subfield>
   <subfield code="c">hrsg. von den Bayerischen Staatsgemäldesammlungen. Mit Beitr. von Côme Fabre ...</subfield>
  </datafield>
  <datafield tag="246" ind1="3" ind2="3">
   <subfield code="a">Courbet - Daubigny</subfield>
  </datafield>
  <datafield tag="264" ind1=" " ind2="1">
   <subfield code="a">München</subfield>
   <subfield code="b">Hirmer</subfield>
   <subfield code="c">2014</subfield>
  </datafield>
  <datafield tag="300" ind1=" " ind2=" ">
   <subfield code="a">103 S.</subfield>
   <subfield code="b">zahlr. Ill.</subfield>
   <subfield code="c">28 cm</subfield>
  </datafield>
  <datafield tag="336" ind1=" " ind2=" ">
   <subfield code="a">Text</subfield>
   <subfield code="b">txt</subfield>
   <subfield code="2">rdacontent</subfield>
  </datafield>
  <datafield tag="336" ind1=" " ind2=" ">
   <subfield code="a">unbewegtes Bild</subfield>
   <subfield code="b">sti</subfield>
   <subfield code="2">rdacontent</subfield>
  </datafield>
  <datafield tag="337" ind1=" " ind2=" ">
   <subfield code="a">ohne Hilfsmittel zu benutzen</subfield>
   <subfield code="b">n</subfield>
   <subfield code="2">rdamedia</subfield>
  </datafield>
  <datafield tag="338" ind1=" " ind2=" ">
   <subfield code="a">Band</subfield>
   <subfield code="b">nc</subfield>
   <subfield code="2">rdacarrier</subfield>
  </datafield>
  <datafield tag="500" ind1=" " ind2=" ">
   <subfield code="a">Literaturangaben</subfield>
  </datafield>
  <datafield tag="583" ind1="1" ind2=" ">
   <subfield code="a">Archivierung/Langzeitarchivierung gewährleistet</subfield>
   <subfield code="f">SSG</subfield>
   <subfield code="x">XA-DE-BW</subfield>
   <subfield code="2">pdager</subfield>
   <subfield code="5">DE-16</subfield>
  </datafield>
  <datafield tag="655" ind1=" " ind2="7">
   <subfield code="a">Ausstellungskatalog</subfield>
   <subfield code="x">Neue Pinakothek</subfield>
   <subfield code="y">27.11.2014-09.03.2015</subfield>
   <subfield code="z">München</subfield>
   <subfield code="0">(DE-588)4135467-9</subfield>
   <subfield code="0">(DE-627)10566491X</subfield>
   <subfield code="0">(DE-576)209660988</subfield>
   <subfield code="2">gnd-content</subfield>
  </datafield>
  <datafield tag="689" ind1="0" ind2="0">
   <subfield code="d">u</subfield>
   <subfield code="0">(DE-588)1062528115</subfield>
   <subfield code="0">(DE-627)805375090</subfield>
   <subfield code="0">(DE-576)419620311</subfield>
   <subfield code="a">Daubigny, Charles François</subfield>
   <subfield code="d">1817-1878</subfield>
   <subfield code="t">Ecluse dans la vallée d'Optevoz</subfield>
   <subfield code="2">gnd</subfield>
  </datafield>
  <datafield tag="689" ind1="0" ind2=" ">
   <subfield code="5">(DE-627)</subfield>
  </datafield>
  <datafield tag="689" ind1="1" ind2="0">
   <subfield code="d">p</subfield>
   <subfield code="0">(DE-588)118522450</subfield>
   <subfield code="0">(DE-627)145360997</subfield>
   <subfield code="0">(DE-576)160631262</subfield>
   <subfield code="a">Courbet, Gustave</subfield>
   <subfield code="d">1819-1877</subfield>
   <subfield code="2">gnd</subfield>
  </datafield>
  <datafield tag="689" ind1="1" ind2="1">
   <subfield code="d">p</subfield>
   <subfield code="0">(DE-588)118671057</subfield>
   <subfield code="0">(DE-627)139254560</subfield>
   <subfield code="0">(DE-576)209265701</subfield>
   <subfield code="a">Daubigny, Charles François</subfield>
   <subfield code="d">1817-1878</subfield>
   <subfield code="2">gnd</subfield>
  </datafield>
  <datafield tag="689" ind1="1" ind2=" ">
   <subfield code="5">(DE-627)</subfield>
  </datafield>
  <datafield tag="700" ind1="1" ind2=" ">
   <subfield code="a">Fabre, Côme</subfield>
   <subfield code="0">(DE-588)1068297425</subfield>
   <subfield code="0">(DE-627)820035076</subfield>
   <subfield code="0">(DE-576)369844521</subfield>
   <subfield code="4">oth</subfield>
  </datafield>
  <datafield tag="700" ind1="1" ind2=" ">
   <subfield code="a">Courbet, Gustave</subfield>
   <subfield code="d">1819-1877</subfield>
   <subfield code="e">Ill.</subfield>
   <subfield code="0">(DE-588)118522450</subfield>
   <subfield code="0">(DE-627)145360997</subfield>
   <subfield code="0">(DE-576)160631262</subfield>
   <subfield code="4">ill</subfield>
  </datafield>
  <datafield tag="700" ind1="1" ind2=" ">
   <subfield code="a">Daubigny, Charles François</subfield>
   <subfield code="d">1817-1878</subfield>
   <subfield code="e">Ill.</subfield>
   <subfield code="0">(DE-588)118671057</subfield>
   <subfield code="0">(DE-627)139254560</subfield>
   <subfield code="0">(DE-576)209265701</subfield>
   <subfield code="4">ill</subfield>
  </datafield>
  <datafield tag="710" ind1="2" ind2=" ">
   <subfield code="a">Bayerische Staatsgemäldesammlungen</subfield>
   <subfield code="0">(DE-588)2005380-0</subfield>
   <subfield code="0">(DE-627)101519745</subfield>
   <subfield code="0">(DE-576)191609374</subfield>
   <subfield code="4">oth</subfield>
  </datafield>
  <datafield tag="710" ind1="2" ind2=" ">
   <subfield code="a">Neue Pinakothek</subfield>
   <subfield code="0">(DE-588)2020220-9</subfield>
   <subfield code="0">(DE-627)102025630</subfield>
   <subfield code="0">(DE-576)191735051</subfield>
   <subfield code="4">oth</subfield>
  </datafield>
  <datafield tag="711" ind1="2" ind2=" ">
   <subfield code="a">Ausstellung Courbet &gt; Daubigny. Das Rätsel der &quot;Schleuse im Tal von Optevoz&quot;</subfield>
   <subfield code="d">2014-2015</subfield>
   <subfield code="c">München</subfield>
   <subfield code="0">(DE-588)1063207061</subfield>
   <subfield code="0">(DE-627)810700409</subfield>
   <subfield code="0">(DE-576)421154438</subfield>
   <subfield code="4">oth</subfield>
  </datafield>
  <datafield tag="787" ind1="0" ind2="8">
   <subfield code="i">Rezension</subfield>
   <subfield code="a">Stöppel, Daniela, 1976 - </subfield>
   <subfield code="t">&quot;Saison Courbet&quot;?</subfield>
   <subfield code="d">2015</subfield>
   <subfield code="w">(DE-627)175019600X</subfield>
  </datafield>
  <datafield tag="856" ind1="4" ind2="2">
   <subfield code="u">http://d-nb.info/1054060258/04</subfield>
   <subfield code="m">B:DE-101</subfield>
   <subfield code="q">application/pdf</subfield>
   <subfield code="v">2015-02-04</subfield>
   <subfield code="x">Verlag</subfield>
   <subfield code="3">Inhaltsverzeichnis</subfield>
  </datafield>
  <datafield tag="856" ind1="4" ind2="2">
   <subfield code="u">http://deposit.dnb.de/cgi-bin/dokserv?id=4718616&amp;prov=M&amp;dok_var=1&amp;dok_ext=htm</subfield>
   <subfield code="m">X: MVB</subfield>
   <subfield code="q">text/html</subfield>
   <subfield code="v">2015-02-04</subfield>
   <subfield code="x">Verlag</subfield>
   <subfield code="3">Inhaltstext</subfield>
  </datafield>
  <datafield tag="935" ind1=" " ind2=" ">
   <subfield code="i">Blocktest</subfield>
  </datafield>
  <datafield tag="936" ind1="r" ind2="v">
   <subfield code="a">LI 23820</subfield>
   <subfield code="b">Courbet, Gustave</subfield>
   <subfield code="k">Kunstgeschichte</subfield>
   <subfield code="k">Künstler-Monografien</subfield>
   <subfield code="k">Alphabetische Künstlerliste</subfield>
   <subfield code="k">Künstler C</subfield>
   <subfield code="k">Courbet, Gustave</subfield>
   <subfield code="0">(DE-627)1271528711</subfield>
   <subfield code="0">(DE-625)rvk/95800:</subfield>
   <subfield code="0">(DE-576)201528711</subfield>
  </datafield>
  <datafield tag="936" ind1="r" ind2="v">
   <subfield code="a">LI 24750</subfield>
   <subfield code="b">Daubigny, Charles Francois</subfield>
   <subfield code="k">Kunstgeschichte</subfield>
   <subfield code="k">Künstler-Monografien</subfield>
   <subfield code="k">Alphabetische Künstlerliste</subfield>
   <subfield code="k">Künstler D</subfield>
   <subfield code="k">Daubigny, Charles Francois</subfield>
   <subfield code="0">(DE-627)1271130599</subfield>
   <subfield code="0">(DE-625)rvk/95838:</subfield>
   <subfield code="0">(DE-576)201130599</subfield>
  </datafield>
  <datafield tag="936" ind1="b" ind2="k">
   <subfield code="a">20.31</subfield>
   <subfield code="j">Bildende Künstler</subfield>
   <subfield code="0">(DE-627)181571080</subfield>
  </datafield>
  <datafield tag="936" ind1="b" ind2="k">
   <subfield code="a">21.02</subfield>
   <subfield code="j">Geschichte der Malerei</subfield>
   <subfield code="0">(DE-627)106406698</subfield>
  </datafield>
  <datafield tag="951" ind1=" " ind2=" ">
   <subfield code="a">BO</subfield>
  </datafield>
  <datafield tag="990" ind1=" " ind2=" ">
   <subfield code="a">Daubigny, Charles François / Ecluse dans la vallée d'Optevoz</subfield>
  </datafield>
  <datafield tag="990" ind1=" " ind2=" ">
   <subfield code="a">Courbet, Gustave</subfield>
  </datafield>
  <datafield tag="990" ind1=" " ind2=" ">
   <subfield code="a">Daubigny, Charles François</subfield>
  </datafield>
  <datafield tag="991" ind1=" " ind2=" ">
   <subfield code="a">Rezensiertes Werk</subfield>
  </datafield>
  <datafield tag="999" ind1=" " ind2=" ">
   <subfield code="a">KXP-PPN791581519</subfield>
   <subfield code="e">4050002337</subfield>
  </datafield>
 </record>
</collection>
